Tratado de Medicina Interna de Cecil (Registro nro. 2881)
[ vista simple ]
| 000 -LEADER | |
|---|---|
| fixed length control field | 00257nam a22000977a 4500 |
| 008 - FIXED-LENGTH DATA ELEMENTS--GENERAL INFORMATION | |
| fixed length control field | 190403e1983 mx ||||| |||| 00| 0 spa d |
| 245 ## - TITLE STATEMENT | |
| Title | Tratado de Medicina Interna de Cecil |
| Designation of section section/part/series: (SE) [OBSOLETE] | Vol. 2 |
| 250 ## - EDITION STATEMENT | |
| Edition statement | 15a ed. |
| 260 ## - PUBLICATION, DISTRIBUTION, ETC. (IMPRINT) | |
| Place of publication, distribution, etc | Mexico |
| Name of publisher, distributor, etc | Interamericana |
| Date of publication, distribution, etc | 1983 |
| 500 ## - GENERAL NOTE | |
| Materials specified | Baja |
| Withdrawn status | Lost status | Source of classification or shelving scheme | Damaged status | Use restrictions | Not for loan | Location (home branch) | Sublocation or collection (holding branch) | Date acquired | Koha issues (times borrowed) | Piece designation (barcode) | Koha date last seen | Copy number | Price effective from | Koha item type | Public note |
|---|---|---|---|---|---|---|---|---|---|---|---|---|---|---|---|
| Dewey Decimal Classification | Restricted Access | Not For Loan | Biblioteca Medicina | Biblioteca Medicina | 03/04/2019 | 250 | 03/04/2019 | Ej. 4 Vol. 2 | 03/04/2019 | Libros | Baja |